000 00780nam a22002057a 4500
005 20251108173403.0
008 250721s2001 xx 000 0 ara d
082 1 4 _a336.562/فرح
100 1 _aفرحات، فورت
_eمؤلف
245 1 0 _aالمالية العامة : الإقتصاد المالي دراسة التشريع المالي اللبناني مقارنة مع بعض التشريعات العربية و العالمية /
264 1 _aبيروت :
_bمنشورات الحلبي الحقوقية،
_c2001.
300 _a372ص.
650 1 7 _aالمالية العامة
650 1 7 _aالميزانيات
650 1 7 _aالنفقات العامة
650 1 7 _aالقروض العامة
650 1 7 _aلبنان
942 _2ddc
_cBK
999 _c102710
_d102710